000 01840nam1a2200373 i 4500
001 RU\NLR\bibl\150209
005 20241103123746.0
035 _a(NLR Aleph) 000147226
090 _a844128
_c844128
100 _a20010418g20009999u y0rusy50 ca
101 0 _arus
102 _aRU
105 _aa j |||||
200 1 _aСвет, глаз, мозг. Принципы цветолечения
_eУчеб. пособие
_fТ.П. Тетерина
205 _a[2-е изд., испр. и доп.]
210 _aКалуга
_cИзд-во Н. Бочкаревой
_d2000
215 _d20
300 _aНа 4-й с. обл. авт.: Тетерина Т.П., д.м.н., проф., д.чл. Лазер. акад. наук, лауреат премии им. А.Л. Чижевского
463 0 _1001146895
606 _aЦветотерапия
_jРуководства, пособия и т.п.
_91902496
_3RU\NLR\auth\661156041
606 _aЦветотерапия
_jУчебные издания
_91902496
_3RU\NLR\auth\661156041
606 0 _aЗрительный анализатор
_jРуководства, пособия и т.п.
_91022925
_3RU\NLR\auth\6673477
606 0 _aЗрительный анализатор
_jУчебные издания
_91022925
_3RU\NLR\auth\6673477
606 _aГелиобиология
_jРуководства, пособия и т.п.
_91363988
_3RU\NLR\auth\66256664
606 _aГелиобиология
_jУчебные издания
_91363988
_3RU\NLR\auth\66256664
686 _aР357.19я7
686 _aЕ992.4я7
686 _aЕ071.23я7
700 1 _aТетерина
_bТ. П.
_gТатьяна Прохоровна
_4070
801 0 _aRU
_bNLR
_c20010418
_gPSBO
801 1 _aRU
_bNLR
_c20010418
852 _aNLR
_j2001-3/3102
942 _cBOOK